000 00615nam a2200193Ia 4500
003 GCL
008 140319s9999 xx 000 0 ara d
040 _aGCL /
_cGCL
082 0 4 _a812.051
_bا ك
100 1 _aالسيد الشوربجى
245 1 0 _aكرسى الحكومة /
_cالسيد الشوربجى
260 _a[S.N] :
_bالهيئة المصرية العامة للكتاب ،
_c1994
300 _a160 ص
490 _aسلسلة المسرح العربى
_v0
650 0 4 _aالادب العربى
650 0 4 _aمسرحيات
650 0 4 _aالمسرحيات السياسية
942 _2ddc
_cBK
999 _c33468
_d33468